<?xml version="1.0" encoding="UTF-8"?>
<record
    xmlns:xsi="http://www.w3.org/2001/XMLSchema-instance"
    xsi:schemaLocation="http://www.loc.gov/MARC21/slim http://www.loc.gov/standards/marcxml/schema/MARC21slim.xsd"
    xmlns="http://www.loc.gov/MARC21/slim">

  <leader>00906nam2a2200205   4500</leader>
  <controlfield tag="001">RU\NLR\PER_A\003080199_000150</controlfield>
  <controlfield tag="005">20250623234442.0</controlfield>
  <datafield tag="035" ind1=" " ind2=" ">
    <subfield code="a">(NLR Aleph) 012243120</subfield>
  </datafield>
  <datafield tag="090" ind1=" " ind2=" ">
    <subfield code="a">11042003</subfield>
    <subfield code="c">11042003</subfield>
  </datafield>
  <datafield tag="100" ind1=" " ind2=" ">
    <subfield code="a">20200311d2019    |||y0rusy50      ca</subfield>
  </datafield>
  <datafield tag="101" ind1="0" ind2=" ">
    <subfield code="a">rus</subfield>
  </datafield>
  <datafield tag="102" ind1=" " ind2=" ">
    <subfield code="a">RU</subfield>
  </datafield>
  <datafield tag="200" ind1="0" ind2=" ">
    <subfield code="a">&#x2116; 15</subfield>
  </datafield>
  <datafield tag="210" ind1=" " ind2=" ">
    <subfield code="d">2019</subfield>
    <subfield code="a">&#x411;. &#x43C;.</subfield>
  </datafield>
  <datafield tag="461" ind1=" " ind2="0">
    <subfield code="1">001RU\NLR\Per\836545</subfield>
    <subfield code="1">2001#$a&#x421;&#x435;&#x43C;&#x438;&#x43D;&#x430;&#x440;&#x438;&#x44F;$e&#x441;&#x442;&#x443;&#x434;&#x435;&#x43D;&#x447;&#x435;&#x441;&#x43A;&#x438;&#x439; &#x43F;&#x440;&#x430;&#x432;&#x43E;&#x441;&#x43B;&#x430;&#x432;&#x43D;&#x44B;&#x439; &#x436;&#x443;&#x440;&#x43D;&#x430;&#x43B;$e&#x438;&#x437;&#x434;&#x430;&#x43D;&#x438;&#x435; &#x422;&#x43E;&#x431;&#x43E;&#x43B;&#x44C;&#x441;&#x43A;&#x43E;&#x439; &#x43F;&#x440;&#x430;&#x432;&#x43E;&#x441;&#x43B;&#x430;&#x432;&#x43D;&#x43E;&#x439; &#x434;&#x443;&#x445;&#x43E;&#x432;&#x43D;&#x43E;&#x439; &#x441;&#x435;&#x43C;&#x438;&#x43D;&#x430;&#x440;&#x438;&#x438;$v&#x2116; 15</subfield>
    <subfield code="9">2394222</subfield>
    <subfield code="c">&#x422;&#x43E;&#x431;&#x43E;&#x43B;&#x44C;&#x441;&#x43A;</subfield>
    <subfield code="d">2009 -</subfield>
    <subfield code="n">[&#x431;. &#x438;.]</subfield>
    <subfield code="o">&#x441;&#x442;&#x443;&#x434;&#x435;&#x43D;&#x447;&#x435;&#x441;&#x43A;&#x438;&#x439; &#x43F;&#x440;&#x430;&#x432;&#x43E;&#x441;&#x43B;&#x430;&#x432;&#x43D;&#x44B;&#x439; &#x436;&#x443;&#x440;&#x43D;&#x430;&#x43B; : &#x438;&#x437;&#x434;&#x430;&#x43D;&#x438;&#x435; &#x422;&#x43E;&#x431;&#x43E;&#x43B;&#x44C;&#x441;&#x43A;&#x43E;&#x439; &#x43F;&#x440;&#x430;&#x432;&#x43E;&#x441;&#x43B;&#x430;&#x432;&#x43D;&#x43E;&#x439; &#x434;&#x443;&#x445;&#x43E;&#x432;&#x43D;&#x43E;&#x439; &#x441;&#x435;&#x43C;&#x438;&#x43D;&#x430;&#x440;&#x438;&#x438;</subfield>
    <subfield code="t">&#x421;&#x435;&#x43C;&#x438;&#x43D;&#x430;&#x440;&#x438;&#x44F;</subfield>
    <subfield code="v">&#x2116; 15</subfield>
  </datafield>
  <datafield tag="852" ind1=" " ind2=" ">
    <subfield code="a">NLR</subfield>
    <subfield code="j">&#x41F;38/344</subfield>
  </datafield>
  <datafield tag="942" ind1=" " ind2=" ">
    <subfield code="c">ISSUE</subfield>
  </datafield>
  <datafield tag="980" ind1=" " ind2=" ">
    <subfield code="a">NB</subfield>
  </datafield>
  <datafield tag="980" ind1=" " ind2=" ">
    <subfield code="a">RUSPER</subfield>
  </datafield>
</record>
